| 000 | 00547nam a2200181 i 4500 | ||
|---|---|---|---|
| 001 | 134533 | ||
| 003 | ES-MaACL | ||
| 005 | 20230906194708.0 | ||
| 007 | t| | ||
| 008 | 070911s1971 sp ||||1| spa d | ||
| 100 | 1 |
_aWeber, Max. _9116265 |
|
| 245 | 1 | 0 |
_aSobre la teoría de las ciencias sociales / _cMax Weber ; [traducción de Michael Faber-Kaiser]. |
| 250 | _a[1ª ed.]. | ||
| 260 |
_a[Barcelona] : _bPenínsula, _c[1971] |
||
| 300 |
_a161 p. ; _c19 cm. |
||
| 700 | 0 |
_aFaber-Kaiser, Michael. _948510 |
|
| 852 |
_aES-MaACL _jC-40276 _bR.76987 |
||
| 999 |
_c134533 _d134533 |
||